| 000 | 00587nam a2200205Ia 4500 | ||
|---|---|---|---|
| 005 | 20231211095049.0 | ||
| 008 | 131103s9999 xx 000 0 und d | ||
| 040 | _aLoreto College | ||
| 041 | _aEnglish | ||
| 082 |
_a420.9 _bSMI |
||
| 100 | _aSmith,Logan Pearsall | ||
| 245 | 4 |
_aThe English Language, _cLogan Pearsall Smith |
|
| 260 |
_aLondon _bWilliams & Norgate Ltd. _c1912 |
||
| 300 | _av,256 p. | ||
| 440 | _aHome University Library Of Modern Knowledge; Vol 45 | ||
| 504 | _aIncludes index and bibliography | ||
| 650 | _aEnglish Language | ||
| 850 | _aLCLIB | ||
| 942 | _cBK | ||
| 999 |
_c6980 _d57459 |
||